| Tag |
First Indicator |
Second Indicator |
Subfields |
| LEADER |
00000pam a2200000 i 4500 |
| 001 |
in00000059322 |
| 005 |
20170504094329.0 |
| 008 |
790213s1979 nyu 00011 eng |
| 010 |
|
|
|a 78068352
|
| 020 |
|
|
|a 0385135653 :
|c $7.95
|
| 035 |
|
|
|a (OCoLC)04834350
|
| 035 |
|
|
|9 AAG8721AM
|
| 040 |
|
|
|a DLC
|c DLC
|d TXA
|d UtOrBLW
|
| 049 |
|
|
|a TXAM [Also in] [Sp Coll]
|c 1 [1158456]
|a TXAS
|c 2 [1102882]
|
| 050 |
0 |
0 |
|a PZ4.L245
|b Man
|a PS3562.A467
|
| 090 |
|
|
|a PS3562.A467
|b M36 1979
|
| 100 |
1 |
|
|a Lancour, Gene.
|
| 245 |
1 |
4 |
|a The man-eaters of Cascalon /
|c Gene Lancour.
|
| 250 |
|
|
|a 1st ed.
|
| 264 |
|
1 |
|a Garden City, N.Y. :
|b Doubleday,
|c 1979.
|
| 300 |
|
|
|a 188 pages ;
|c 22 cm.
|
| 336 |
|
|
|a text
|b txt
|2 rdacontent
|
| 337 |
|
|
|a unmediated
|b n
|2 rdamedia
|
| 338 |
|
|
|a volume
|b nc
|2 rdacarrier
|
| 490 |
1 |
|
|a Doubleday science fiction
|
| 830 |
|
0 |
|a Doubleday science fiction.
|
| 999 |
|
|
|a MARS
|
| 999 |
f |
f |
|s 9122571b-e604-3ac1-bf00-39ed833a817b
|i f0e29470-a27e-39a3-9ed6-245966772efb
|t 0
|
| 952 |
f |
f |
|p ric
|a Texas A&M University
|b Rellis Campus
|c Joint Library Facility
|d Remote Storage
|t 0
|e PS3562.A467 M36 1979
|h Library of Congress classification
|i unmediated -- volume
|m A14804321675
|
| 952 |
f |
f |
|p noncirc
|a Texas A&M University
|b College Station
|c Cushing Memorial Library & Archives
|d Cushing: Science Fiction (Does not check out)
|t 0
|e PZ4.L245 Man
|h Library of Congress classification
|i unmediated -- volume
|m A14800445671
|
| 998 |
f |
f |
|a PS3562.A467 M36 1979
|t 0
|l Remote Storage
|
| 998 |
f |
f |
|a PZ4.L245 Man
|t 0
|l Cushing: Science Fiction (Does not check out)
|